Closest Winter Olympics Host City to Summer Olympics Host City - Statistics

General Stats
  • This quiz has been taken 600 times
  • The average score is 11 of 22
Answer Stats
Summer Olympics Host City Closest Winter Olympics Host City % Correct
1896, 2004 Athens Sarajevo
72%
1904 Saint Louis Lake Placid
71%
1912 Stockholm Oslo
65%
1964 Tokyo Nagano
63%
1980 Moscow Sochi
60%
1968 Mexico City Salt Lake City
59%
1900, 1924 Paris Albertville
57%
1976 Montreal Lake Placid
57%
1996 Atlanta Lake Placid
56%
1952 Helsinki Oslo
56%
1956 Melbourne Nagano
54%
1988 Seoul Nagano
54%
2008 Beijing Nagano
53%
2000 Sydney Nagano
52%
1932, 1984 Los Angeles Squaw Valley
45%
1908, 1948, 2012 London Albertville
44%
1960 Rome Cortina d'Ampezzo
44%
1920 Antwerp Albertville
43%
1936 Berlin Garmisch-Partenkirchen
41%
1972 Munich Garmisch-Partenkirchen
41%
1992 Barcelona Grenoble
34%
1928 Amsterdam Garmisch-Partenkirchen
29%
No matching quizzes found
Score Distribution
Percent of People with Each Score
Percentile by Number Answered
Your Score History
You have not taken this quiz